[Event "Olympiad Women-45"]
[Site "Budapest"]
[Date "2024.09.16"]
[Round "6.51"]
[White "Henderson de la Fuente, Andrea"]
[Black "Vilhete, Vania Fausto da T"]
[Result "1/2-1/2"]
[WhiteElo "1986"]
[BlackElo "1877"]
[PlyCount "110"]
[EventDate "2024.09.11"]
[EventType "team-swiss"]
[EventRounds "11"]
[EventCountry "HUN"]
[SourceTitle "EXT 2025"]
[Source "ChessBase"]
[SourceDate "2024.10.14"]
[SourceVersion "1"]
[SourceVersionDate "2024.10.14"]
[SourceQuality "1"]
[WhiteTeam "Andorra (W)"]
[BlackTeam "Mozambique (W)"]
[WhiteTeamCountry "AND"]
[BlackTeamCountry "MOZ"]

1. e4 c5 2. Nc3 e6 3. Nf3 Nc6 4. Bb5 Nd4 5. 0-0 Nxb5 6. Nxb5 a6 7. Nc3 d6 8. d4 cxd4 9. Qxd4 Qc7 10. a4 Nf6 11. Rd1 Be7 12. Be3 0-0 13. a5 Bd7 14. Qd3 Bc6 15. Bb6 Qc8 16. e5 dxe5 17. Nxe5 Nd5 18. Nxd5 exd5 19. Nxc6 bxc6 20. c4 dxc4 21. Qxc4 Bf6 22. Rd2 Re8 23. g3 Qe6 24. Qxe6 Rxe6 25. Rad1 Rae8 26. Kf1 h6 27. b3 Bc3 28. Rd8 Bb4 29. Rxe8+ Rxe8 30. Rd7 Re5 31. Rd8+ Kh7 32. Ra8 Bxa5 33. Rxa6 Re1+ 34. Kg2 Bb4 35. Ra7 f6 36. Rd7 Rb1 37. Rd3 Rb2 38. Kf3 c5 39. h4 Rc2 40. h5 c4 41. bxc4 Rxc4 42. Rd7 Rc6 43. Be3 Bc5 44. Bf4 Ra6 45. Rd2 Ra3+ 46. Kg4 Ra4 47. Kf5 Ra3 48. Ke4 Bb6 49. Bd6 Ra4+ 50. Kf5 Rd4 51. Rxd4 Bxd4 52. f3 Bc3 53. Be7 Be5 54. f4 Bc3 55. Ke6 Kg8 1/2-1/2

[Event "Olympiad Women-45"]
[Site "Budapest"]
[Date "2024.09.11"]
[Round "1.31"]
[White "Vilhete, Vania Fausto da T"]
[Black "Juhasz, Barbara"]
[Result "0-1"]
[WhiteElo "1877"]
[BlackElo "2193"]
[PlyCount "90"]
[EventDate "2024.09.11"]
[EventType "team-swiss"]
[EventRounds "11"]
[EventCountry "HUN"]
[SourceTitle "EXT 2025"]
[Source "ChessBase"]
[SourceDate "2024.10.14"]
[SourceVersion "1"]
[SourceVersionDate "2024.10.14"]
[SourceQuality "1"]
[WhiteTeam "Mozambique (W)"]
[BlackTeam "Hungary (W) II"]
[WhiteTeamCountry "MOZ"]
[BlackTeamCountry "HUN"]

1. d4 Nf6 2. c4 g6 3. Nc3 Bg7 4. e4 d6 5. Be2 0-0 6. Bg5 c5 7. d5 h6 8. Bf4 e6 9. dxe6 Bxe6 10. Qc1 Qa5 11. Bd2 Qb6 12. Rb1 Kh7 13. Nf3 Nc6 14. 0-0 Nd4 15. Nxd4 cxd4 16. Nd5 Bxd5 17. exd5 Ne4 18. Qc2 f5 19. Bd3 Rfe8 20. Rfe1 Nxd2 21. Qxd2 Re5 22. b4 Rae8 23. Kf1 Qd8 24. g3 h5 25. Be2 Qe7 26. Bf3 Bh6 27. Qd1 b6 28. Re2 Bg7 29. Qd3 Rxe2 30. Bxe2 Qe5 31. Bf3 Re7 32. Qd2 Bh6 33. Qc2 h4 34. Kg2 Rc7 35. Qe2 Qg7 36. Re1 Bg5 37. Qd3 b5 38. cxb5 Rc3 39. Qd1 Rc1 40. Qe2 d3 41. Qe6 Rxe1 42. Qxe1 d2 43. Qb1 Qc3 44. Bd1 Qc4 45. Qb3 h3+ 0-1

[Event "Africa-ch (Women)"]
[Site "Accra"]
[Date "2024.03.17"]
[Round "6"]
[White "Vilhete, Vania Fausto da T"]
[Black "Wafa, Shahenda"]
[Result "0-1"]
[WhiteElo "1829"]
[BlackElo "2083"]
[PlyCount "116"]
[EventDate "2024.03.13"]
[EventType "swiss"]
[EventRounds "9"]
[EventCountry "GHA"]
[SourceTitle "EXT 2025"]
[Source "ChessBase"]
[SourceDate "2024.10.14"]
[SourceVersion "1"]
[SourceVersionDate "2024.10.14"]
[SourceQuality "1"]

1. d4 Nf6 2. c4 g6 3. Nc3 Bg7 4. e4 d6 5. Be2 Nbd7 6. Bg5 h6 7. Be3 e5 8. Nf3 Ng4 9. Bc1 0-0 10. 0-0 Re8 11. h3 Ngf6 12. d5 Nc5 13. Nd2 a5 14. Qc2 b6 15. Nb3 Nh7 16. Nxc5 bxc5 17. f4 exf4 18. Bxf4 Qh4 19. Bd3 Ng5 20. Bxg5 hxg5 21. Nb5 Bd7 22. Rf3 g4 23. hxg4 Bxb5 24. Rh3 Bd4+ 25. Kh1 Qxg4 26. cxb5 Kg7 27. Qd1 Qxd1+ 28. Rxd1 Bxb2 29. a4 Bd4 30. Kh2 Be5+ 31. g3 Rh8 32. Rxh8 Rxh8+ 33. Kg2 Rh5 34. Rf1 Bd4 35. Rf3 Re5 36. Rf4 Be3 37. Rf1 c4 38. Kf3 cxd3 39. Kxe3 f5 40. Kxd3 Rxe4 41. Rc1 Rxa4 42. Rxc7+ Kf6 43. b6 Rb4 44. b7 Ke5 45. Kc3 Kxd5 46. Rg7 Ke5 47. Rxg6 Rxb7 48. g4 Rf7 49. gxf5 Rxf5 50. Kd3 Rf3+ 51. Kd2 a4 52. Rg5+ Ke4 53. Ra5 a3 54. Ra4+ Ke5 55. Ke2 Rh3 56. Ra8 d5 57. Re8+ Kd4 58. Ra8 Rh2+ 0-1

[Event "Africa-chT rapid 13th"]
[Site "Accra"]
[Date "2024.03.09"]
[Round "1.14"]
[White "Benson, Maud"]
[Black "Vilhete, Vania Fausto da T"]
[Result "1-0"]
[WhiteElo "1664"]
[BlackElo "1829"]
[PlyCount "105"]
[EventDate "2024.03.09"]
[EventType "team-swiss (rapid)"]
[EventRounds "6"]
[EventCountry "GHA"]
[SourceTitle "CBM 219 Extra"]
[Source "ChessBase"]
[SourceDate "2024.05.31"]
[SourceVersion "1"]
[SourceVersionDate "2024.05.31"]
[SourceQuality "1"]
[WhiteTeam "Ghana II"]
[BlackTeam "Mozambique"]
[WhiteTeamCountry "GHA"]
[BlackTeamCountry "MOZ"]

1. d4 d5 2. Nf3 e6 3. g3 Nf6 4. Bg2 Be7 5. 0-0 0-0 6. c4 b6 7. Nc3 Bb7 8. Ne5 Nbd7 9. Nxd7 Qxd7 10. Qd3 Rfd8 11. Rd1 dxc4 12. Qxc4 Bxg2 13. Kxg2 c5 14. dxc5 Qc6+ 15. Kg1 Rxd1+ 16. Nxd1 Bxc5 17. Be3 Qe4 18. Rc1 Rd8 19. Qxe4 Nxe4 20. Kg2 h6 21. h4 Bxe3 22. Nxe3 Rd2 23. Kf3 Nc5 24. Rc2 Rxc2 25. Nxc2 Kf8 26. Nd4 Na4 27. b3 Nc3 28. a3 Nb1 29. a4 Nd2+ 30. Kf4 Ke8 31. Ke3 Nb1 32. Nc6 a6 33. Kd3 b5 34. a5 Kd7 35. Nb8+ Kc7 36. Nxa6+ Kb7 37. Nb4 Na3 38. Kc3 Nb1+ 39. Kc2 Na3+ 40. Kb2 Nc4+ 41. bxc4 bxc4 42. Kc3 f6 43. Kxc4 e5 44. Kb5 g5 45. Nd5 f5 46. h5 f4 47. gxf4 exf4 48. f3 Ka7 49. Ne7 Kb7 50. Ng8 Ka7 51. Nxh6 Kb7 52. Nf5 g4 53. fxg4 1-0

[Event "Olympiad Women-44"]
[Site "Chennai"]
[Date "2022.08.06"]
[Round "8.2"]
[White "Vilhete, Vania Fausto da T"]
[Black "Jacobs, Annelaine"]
[Result "1/2-1/2"]
[WhiteElo "1701"]
[BlackElo "1612"]
[PlyCount "94"]
[EventDate "2022.07.29"]
[EventType "team-swiss"]
[EventRounds "11"]
[EventCountry "IND"]
[SourceTitle "CBM 210"]
[Source "ChessBase"]
[SourceDate "2022.10.31"]
[SourceVersion "1"]
[SourceVersionDate "2022.10.31"]
[SourceQuality "1"]
[WhiteTeam "Mozambique (W)"]
[BlackTeam "Aruba (W)"]
[WhiteTeamCountry "MOZ"]
[BlackTeamCountry "ARN"]

1. d4 g6 2. c4 Nf6 3. Nc3 Bg7 4. e4 d6 5. Be2 0-0 6. Bg5 Nbd7 7. Nf3 e5 8. d5 a5 9. 0-0 h6 10. Bh4 Nc5 11. Nd2 Bd7 12. Rc1 Qe8 13. h3 Nh7 14. Nb3 b6 15. Bg4 Bxg4 16. hxg4 Bf6 17. Bxf6 Nxf6 18. Nxc5 bxc5 19. Qf3 Kg7 20. Qg3 Qd7 21. f3 Rh8 22. Nb5 h5 23. g5 Ne8 24. f4 h4 25. Qf3 h3 26. fxe5 dxe5 27. Qg3 Qe7 28. gxh3 Nd6 29. Nxd6 cxd6 30. Rf6 Rh5 31. Rc3 Rxg5 32. Qxg5 Qxf6 33. Qxf6+ Kxf6 34. Rf3+ Ke7 35. Kg2 Rb8 36. b3 a4 37. Kg3 axb3 38. axb3 Ra8 39. Kg4 Ra1 40. Re3 Rg1+ 41. Kf3 Rh1 42. Kg2 Rb1 43. Kg3 Rg1+ 44. Kf2 Rb1 45. Kg3 Rg1+ 46. Kf2 Rb1 47. Kg3 Rg1+ 1/2-1/2

[Event "Africa-ch (Women)"]
[Site "Lilongwe"]
[Date "2021.05.18"]
[Round "1"]
[White "Vilhete, Vania Fausto da T"]
[Black "Mpinganjira, Ellen"]
[Result "1-0"]
[WhiteElo "1799"]
[BlackElo "1356"]
[PlyCount "51"]
[EventDate "2021.05.18"]
[EventType "swiss"]
[EventRounds "9"]
[EventCountry "MWI"]
[SourceTitle "EXT 2022"]
[Source "ChessBase"]
[SourceDate "2021.10.06"]
[SourceVersion "1"]
[SourceVersionDate "2021.10.06"]
[SourceQuality "1"]

1. d4 c5 2. e3 cxd4 3. exd4 Nf6 4. c4 d6 5. Nf3 e6 6. Nc3 Be7 7. Bd3 b6 8. 0-0 Bb7 9. Re1 0-0 10. Bg5 Nbd7 11. Rc1 Rc8 12. b3 Re8 13. Nd2 Qc7 14. f3 a6 15. Bb1 Nf8 16. Qe2 Nh5 17. Bxe7 Rxe7 18. Qe3 Nf6 19. Qg5 Rd8 20. Nde4 Bxe4 21. Bxe4 h6 22. Qh4 Nxe4 23. Nxe4 Ng6 24. Qg3 Rde8 25. Nc3 Qd7 26. Red1 1-0

[Event "Olympiad Women-43"]
[Site "Batumi"]
[Date "2018.09.26"]
[Round "3.71"]
[White "Vazquez Maccarini, Danitza"]
[Black "Vilhete, Vania Fausto da T"]
[Result "0-1"]
[WhiteElo "2082"]
[BlackElo "1752"]
[PlyCount "98"]
[EventDate "2018.09.24"]
[EventType "team-swiss"]
[EventRounds "11"]
[EventCountry "GEO"]
[SourceTitle "EXT 2020"]
[Source "ChessBase"]
[SourceDate "2019.10.17"]
[SourceVersion "1"]
[SourceVersionDate "2019.10.17"]
[SourceQuality "1"]
[WhiteTeam "Puerto Rico (W)"]
[BlackTeam "Mozambique (W)"]
[WhiteTeamCountry "PUR"]
[BlackTeamCountry "MOZ"]

1. e4 c5 2. Nf3 d6 3. Bb5+ Bd7 4. c4 Nc6 5. Nc3 e6 6. 0-0 Nf6 7. d4 cxd4 8. Nxd4 Be7 9. Re1 0-0 10. b3 e5 11. Nc2 a6 12. Bxc6 bxc6 13. Qd3 Qc7 14. Ba3 Rfd8 15. Rad1 Be6 16. Qe2 Nd7 17. Ne3 Nf8 18. Nf5 Ng6 19. Qd2 Bxf5 20. exf5 Nf4 21. Na4 Rab8 22. Bb4 Qc8 23. Ba5 Re8 24. Qc2 Bf8 25. g3 Nh5 26. Bc3 Nf6 27. c5 Nd5 28. cxd6 Bxd6 29. Ba1 Nb4 30. Qe4 Bc7 31. Nc5 Nd5 32. Qc4 Rb6 33. Na4 Rb8 34. Qxc6 Nb4 35. Qc4 Nxa2 36. Nc5 Qxf5 37. Nxa6 Bb6 38. Re2 Rbc8 39. Qb5 Qf3 40. Rf1 Nc1 41. Ree1 Ba7 42. Nb4 Nxb3 43. Rxe5 Rxe5 44. Bxe5 Nd2 45. Bb2 Nxf1 46. Qxf1 Rd8 47. Nc2 Rd2 48. Ne3 Bxe3 49. fxe3 Rd1 0-1

[Event "Olympiad Women-43"]
[Site "Batumi"]
[Date "2018.09.24"]
[Round "1.44"]
[White "Vilhete, Vania Fausto da T"]
[Black "Frayna, Janelle Mae"]
[Result "0-1"]
[WhiteElo "1752"]
[BlackElo "2287"]
[PlyCount "56"]
[EventDate "2018.09.24"]
[EventType "team-swiss"]
[EventRounds "11"]
[EventCountry "GEO"]
[SourceTitle "EXT 2020"]
[Source "ChessBase"]
[SourceDate "2019.10.17"]
[SourceVersion "1"]
[SourceVersionDate "2019.10.17"]
[SourceQuality "1"]
[WhiteTeam "Mozambique (W)"]
[BlackTeam "Philippines (W)"]
[WhiteTeamCountry "MOZ"]
[BlackTeamCountry "PHI"]

1. d4 d5 2. c4 dxc4 3. Nc3 a6 4. a4 Nc6 5. d5 Na5 6. e4 e6 7. Nf3 Nf6 8. Be2 Bb4 9. Bg5 h6 10. Bxf6 Qxf6 11. e5 Qd8 12. dxe6 Qxd1+ 13. Rxd1 Bxe6 14. 0-0 Bxc3 15. bxc3 Nb3 16. Nd4 Nxd4 17. Rxd4 Rd8 18. Rfd1 Ke7 19. a5 Rxd4 20. Rxd4 Rd8 21. Rxd8 Kxd8 22. f4 b6 23. Kf2 bxa5 24. Bd1 Bd7 25. Ke3 a4 26. Bc2 a3 27. Bb1 Ba4 28. Kd2 Bb3 0-1

[Event "Africa-ch (Women)"]
[Site "Livingstone"]
[Date "2018.05.19"]
[Round "8"]
[White "Wafa, Shahenda"]
[Black "Vilhete, Vania Fausto da T"]
[Result "1-0"]
[WhiteElo "2148"]
[BlackElo "1717"]
[PlyCount "95"]
[EventDate "2018.05.13"]
[EventType "swiss"]
[EventRounds "9"]
[EventCountry "ZAM"]
[SourceTitle "CBM 184 Extra"]
[Source "ChessBase"]
[SourceDate "2018.06.28"]
[SourceVersion "1"]
[SourceVersionDate "2018.06.28"]
[SourceQuality "1"]

1. e4 c5 2. Nf3 d6 3. d4 cxd4 4. Nxd4 Nf6 5. Nc3 a6 6. Bg5 e6 7. f4 Be7 8. Qf3 Qc7 9. 0-0-0 Nbd7 10. Bd3 b5 11. a3 Bb7 12. Rhe1 Rc8 13. Qe2 Nc5 14. g4 0-0 15. Kb1 Qa5 16. Qd2 Rfe8 17. e5 Nxd3 18. cxd3 dxe5 19. fxe5 Nd7 20. Bxe7 Rxe7 21. Nd5 Qd8 22. Nxe7+ Qxe7 23. Rc1 Rxc1+ 24. Qxc1 Nb6 25. Qc2 g6 26. Rc1 Nd5 27. Nb3 Ne3 28. Qe2 Qg5 29. Rc7 Bd5 30. Qf2 Nf5 31. gxf5 Bxb3 32. Rc8+ Kg7 33. f6+ Kh6 34. Rc3 Bd5 35. Qg3 Qh5 36. Rc1 g5 37. Rg1 Kg6 38. Qe3 h6 39. h3 Qf3 40. Qxf3 Bxf3 41. Rg3 Bd5 42. d4 a5 43. Rc3 a4 44. Rc8 Be4+ 45. Kc1 Kh7 46. Rf8 Bg6 47. Kd2 h5 48. Rb8 1-0

[Event "Africa-ch (Women)"]
[Site "Livingstone"]
[Date "2018.05.18"]
[Round "6"]
[White "Tlale, Tshepang"]
[Black "Vilhete, Vania Fausto da T"]
[Result "1/2-1/2"]
[WhiteElo "1844"]
[BlackElo "1717"]
[PlyCount "154"]
[EventDate "2018.05.13"]
[EventType "swiss"]
[EventRounds "9"]
[EventCountry "ZAM"]
[SourceTitle "CBM 184 Extra"]
[Source "ChessBase"]
[SourceDate "2018.06.28"]
[SourceVersion "1"]
[SourceVersionDate "2018.06.28"]
[SourceQuality "1"]

1. Nf3 c5 2. c4 Nf6 3. g3 e6 4. Bg2 Nc6 5. 0-0 d5 6. b3 Be7 7. e3 0-0 8. Bb2 Qc7 9. Qe2 b6 10. Rd1 Bb7 11. Nc3 a6 12. cxd5 exd5 13. Rac1 Rad8 14. d4 Rfe8 15. Na4 cxd4 16. Nxd4 b5 17. Nc5 Nxd4 18. Bxd4 Qb8 19. Nxb7 Qxb7 20. Rc2 Rc8 21. Bh3 Rxc2 22. Qxc2 Ne4 23. Rc1 Ng5 24. Bg2 Ne4 25. Qb2 Bf6 26. Bxf6 Nxf6 27. Rd1 Rc8 28. Qd2 h6 29. Bxd5 Qxd5 30. Qxd5 Nxd5 31. Rxd5 Rc2 32. a4 b4 33. Rd4 a5 34. Rd5 Rc3 35. Rxa5 Rxb3 36. Rb5 Rb1+ 37. Kg2 b3 38. a5 b2 39. a6 Ra1 40. Rxb2 Rxa6 41. Rd2 Kh7 42. g4 Kg6 43. Kg3 f6 44. Rd7 Ra1 45. Rd5 Rg1+ 46. Kf3 Rh1 47. Kg2 Ra1 48. h4 Ra4 49. Kf3 Rb4 50. e4 Rb3+ 51. Kf4 Rb4 52. f3 Rb3 53. h5+ Kh7 54. Rd7 Rb5 55. Ke3 Kg8 56. Rd5 Rb3+ 57. Rd3 Rb5 58. Kf4 Kf7 59. Rd7+ Kg8 60. Rd5 Rb3 61. e5 fxe5+ 62. Rxe5 Rb4+ 63. Kf5 Kh7 64. f4 Rb6 65. Re6 Rb5+ 66. Re5 Rb6 67. g5 hxg5 68. fxg5 g6+ 69. hxg6+ Rxg6 70. Re7+ Rg7 71. Rxg7+ Kxg7 72. Ke4 Kg6 73. Kf4 Kg7 74. Kg4 Kg6 75. Kf4 Kg7 76. Kf5 Kf7 77. g6+ Kg7 1/2-1/2

[Event "Africa-ch (Women)"]
[Site "Livingstone"]
[Date "2018.05.18"]
[Round "7"]
[White "Vilhete, Vania Fausto da T"]
[Black "Banda, Maria"]
[Result "1-0"]
[WhiteElo "1717"]
[BlackElo "1584"]
[PlyCount "102"]
[EventDate "2018.05.13"]
[EventType "swiss"]
[EventRounds "9"]
[EventCountry "ZAM"]
[SourceTitle "CBM 184 Extra"]
[Source "ChessBase"]
[SourceDate "2018.06.28"]
[SourceVersion "1"]
[SourceVersionDate "2018.06.28"]
[SourceQuality "1"]

1. d4 d5 2. c4 dxc4 3. Nc3 Nf6 4. e3 Bf5 5. Bxc4 e6 6. Nf3 Nbd7 7. 0-0 Bd6 8. Re1 Ne4 9. Bd3 Ndf6 10. Qc2 Nxc3 11. Bxf5 exf5 12. bxc3 Ne4 13. c4 c6 14. g3 h5 15. Nd2 Nxd2 16. Bxd2 Qd7 17. e4 f4 18. e5 Be7 19. Bxf4 Qxd4 20. Rad1 Qb6 21. e6 Rf8 22. exf7+ Kxf7 23. Rd7 Rae8 24. Qf5+ Kg8 25. Qe6+ Rf7 26. Be3 c5 27. Qd5 Rd8 28. Rxd8+ Qxd8 29. Qxd8+ Bxd8 30. Bxc5 Bb6 31. Bxb6 axb6 32. Re6 Rc7 33. Rxb6 Kh7 34. Kg2 g6 35. a4 Kh6 36. a5 Kg5 37. Rb5+ Kf6 38. h4 Rxc4 39. Rxb7 Ra4 40. Ra7 Ke6 41. a6 Kf6 42. Ra8 Kf7 43. a7 Kg7 44. Kf3 Kf7 45. Ke3 Kg7 46. Kd3 Kf7 47. Kc3 Ra1 48. Kb4 Rb1+ 49. Ka5 Ra1+ 50. Kb4 Rb1+ 51. Kc3 Ra1 1-0